| 000 | 01098nam a22003017a 4500 | ||
|---|---|---|---|
| 001 | 14918371 | ||
| 003 | OSt | ||
| 005 | 20210419082358.0 | ||
| 008 | 070706m20049999gs 000 0 geoo | ||
| 010 | _a 2007555892 | ||
| 020 | _a9994020099 | ||
| 040 |
_aDLC _cDLC _beng |
||
| 041 | 0 |
_ageo _aeng |
|
| 050 | 0 | 0 |
_aPK9107 _b.G84 2004 |
| 080 |
_a811.353.1 _bG-32 |
||
| 100 |
_aGeguchadze, Leila _91205 |
||
| 245 | 1 | 4 |
_aThe Georgian language for foreign learners / Volume I _cLeila Geguchadze = Kʻartʻuli ena ucʻxoeltʻatʻvis / Lelia Gegučʻaże. |
| 246 | 3 | 1 | _aKʻartʻuli ena ucʻxoeltʻatʻvis |
| 260 |
_aTbilisi _bTbilisi University Press _c2004 |
||
| 300 |
_avol. 1 - 287 p. _c20 cm. |
||
| 505 | 1 | _a1. Concise grammar with texts and vocabulary = Mokle gramatika tekʻstebitʻa da lekʻsikonitʻ -- | |
| 546 | _aGeorgian and English. | ||
| 650 | 0 |
_aGeorgian language _xGrammar _vTextbooks for foreign speakers. |
|
| 653 | _aქართული ენა | ||
| 906 |
_a7 _bcbc _corignew _d2 _encip _f20 _gy-gencatlg |
||
| 942 |
_2udc _cBK |
||
| 999 |
_c1836 _d1836 |
||